Historia y memoria de un pueblo (Registro nro. 1728)

Detalles MARC
000 -LEADER
fixed length control field 01402 a2200385 4500
001 - CONTROL NUMBER
control field 28593
005 - DATE AND TIME OF LATEST TRANSACTION
control field 20260407155557.0
008 - FIXED-LENGTH DATA ELEMENTS--GENERAL INFORMATION
fixed length control field 260407a2014 arg spa d
003 - CONTROL NUMBER IDENTIFIER
control field AR-UNSa-BCEJYS
040 ## - CATALOGING SOURCE
Original cataloging agency AR-UNSa-BCEJYS
Language of cataloging spa
Transcribing agency AR-UNSa-BCEJYS
080 ## - UNIVERSAL DECIMAL CLASSIFICATION NUMBER
Universal Decimal Classification number 94(826.7)
Common auxiliary subdivision Historia de Salta
041 ## - LANGUAGE CODE
Language code of text/sound track or separate title spa
100 1# - MAIN ENTRY--PERSONAL NAME
Personal name Caretta, Gabriela
245 10 - TITLE STATEMENT
Title Historia y memoria de un pueblo
Name of part/section of a work la gente y los oficios en Cafayate a lo largo del siglo XX
264 #1 - PRODUCTION, PUBLICATION, DISTRIBUTION, MANUFACTURE, AND COPYRIGHT NOTICE
Place of production, publication, distribution, manufacture Salta :
Name of producer, publisher, distributor, manufacturer Universidad Nacional de Salta
Date of production, publication, distribution, manufacture, or copyright notice 2014
300 ## - PHYSICAL DESCRIPTION
Extent 101 p.
Dimensions 21 cm.
505 ## - FORMATTED CONTENTS NOTE
Formatted contents note 1. Tierra y agua - 2. Hierro y madera - 3. Entre agujas, hilos, gajos y telares - 4. En el camino... - 5. De medicina y otros yuyos - 6. Política, trabajo y protesta - 7. El sistema de parcelas
590 ## - LOCAL NOTE (RLIN)
Local note niveau_biblio:m niveau_hierar:0
650 ## - SUBJECT ADDED ENTRY--TOPICAL TERM
Topical term or geographic name entry element CAFAYATE
650 ## - SUBJECT ADDED ENTRY--TOPICAL TERM
Topical term or geographic name entry element cafayate
700 1# - ADDED ENTRY--PERSONAL NAME
Personal name Zacca, Isabel
700 1# - ADDED ENTRY--PERSONAL NAME
Personal name Medina, Federico
700 1# - ADDED ENTRY--PERSONAL NAME
Personal name Kurril, Lilia
700 1# - ADDED ENTRY--PERSONAL NAME
Personal name García, Eugenia
700 1# - ADDED ENTRY--PERSONAL NAME
Personal name Hoyos, Ana Lía
700 1# - ADDED ENTRY--PERSONAL NAME
Personal name Hernández, Yanina
700 1# - ADDED ENTRY--PERSONAL NAME
Personal name Armata, Vanina
700 1# - ADDED ENTRY--PERSONAL NAME
Personal name Morales Miy, Anahí
700 1# - ADDED ENTRY--PERSONAL NAME
Personal name Vega Altube, Tatiana
700 1# - ADDED ENTRY--PERSONAL NAME
Personal name Abud, Ramiro
700 1# - ADDED ENTRY--PERSONAL NAME
Personal name Cepeda Rivero, Marcos David
700 1# - ADDED ENTRY--PERSONAL NAME
Personal name Nuñes, Andrés
856 41 - ELECTRONIC LOCATION AND ACCESS
Uniform Resource Identifier <a href="https://biblioeco.unsa.edu.ar/pmb/images/libros/Historia y Memoria de un Pueblo-l125024.jpg">https://biblioeco.unsa.edu.ar/pmb/images/libros/Historia y Memoria de un Pueblo-l125024.jpg</a>
Link text Imagen de portada
Electronic format type image/jpeg
942 ## - ADDED ENTRY ELEMENTS (KOHA)
Koha item type
Existencias
Withdrawn status Lost status Damaged status Not for loan Home library Current library Shelving location Date acquired Total checkouts Full call number Barcode Date last seen Price effective from Koha item type
        Biblioteca Prof. Eusebio Cleto del Rey Biblioteca Prof. Eusebio Cleto del Rey   07/04/2026   94(826.7) H673 L125022 07/04/2026 07/04/2026 Libro
        Biblioteca Prof. Eusebio Cleto del Rey Biblioteca Prof. Eusebio Cleto del Rey   07/04/2026   94(826.7) H673 L125023 07/04/2026 07/04/2026 Libro
        Biblioteca Prof. Eusebio Cleto del Rey Biblioteca Prof. Eusebio Cleto del Rey   07/04/2026   94(826.7) H673 L125024 07/04/2026 07/04/2026 Libro